Sendas de la reforma de la justicia a principios del siglo XXI

Detalles Bibliográficos
Autor principal: Oteiza, Eduardo
Formato: eBook
Lenguaje:español
Publicado: Madrid: Marcial Pons, 2018
Materias:
Acceso en línea:Acceso restringido

MARC

LEADER 00000nam a22000007a 4500
005 20200312215511.0
007 cr|||| ||||
008 200312s2018 es |||||s|||| 00||0 spa d
020 |a 978-84-9123-826-3 
035 |a 31330 
040 |a vLex 
090 |c 10245  |d 10245 
100 1 |a Oteiza, Eduardo 
245 1 0 |a Sendas de la reforma de la justicia a principios del siglo XXI  |h [Recurso electrn̤ico] /  |c Eduardo Oteiza 
256 |a Servicio en ln̕ea 
260 |a Madrid:  |b Marcial Pons,  |c 2018 
300 |a 1 recurso electrn̤ico 
506 1 |a Disponible solo en los productos indicados  |d vLex Global  |d vLex Global (Academic Edition, excluding Law Schools)  |d vLex Global (U.S. Academic Edition, Law Schools)  |d vLex Global (U.S. Academic Edition, excluding Law Schools)  |d vLex Global (Academic Edition, Law Schools) 
650 0 4 |a Derecho Procesal  |z Espaą 
740 0 |a vLex Libros (Servicio en ln̕ea) 
856 4 0 |u http://vlex.com/source/sendas-reforma-justicia-principios-siglo-xxi-31330  |z Acceso restringido 
942 |c BOOK 
999 0 |a Procedural law